Šedé dni

Bibliographic Details
Main Author: Dováľ, Štefan, 1950-2011 (Author)
Format: Book
Language:Slovak
PhysicalDescription:133 s. 19 cm
Published: Nadlak Vydavateľstvo Kultúrnej a vedeckej spoločnosti Ivana Krasku 1997
ISBN:97392920602
Series:Pôvodná tvorba
Subjects:

MARC

LEADER 00000cam a2200000 a 4500
001 vtls001372992
003 SK-MaSNL
005 20260301115352.0
008 220511s1997 rm r 0000j slo
015 |a SNBZSA1999-00366 
020 |a 97392920602 
035 |a SNK000326854 
035 |a urn:nbn:sk:snk-amjcns 
035 |a urn:nbn:sk:snk-am002hur 
035 |a 9892D102-FA99-4B72-BFC8-8A3A39A14EEA 
040 |a SNK  |b slo  |c SNK  |e AACR2 
041 0 |a slo 
044 |a rm  |c RO 
080 |a 885.4 (498)-3  |2 1981 
100 1 |a Dováľ, Štefan,  |d 1950-2011  |4 aut  |9 115355 
245 1 0 |a Šedé dni  |c Štefan Dováľ 
260 |a Nadlak  |b Vydavateľstvo Kultúrnej a vedeckej spoločnosti Ivana Krasku  |c 1997 
300 |a 133 s.  |c 19 cm 
490 1 |a Pôvodná tvorba  |v zv. 14 
500 |a Ilustr. na obál. 
655 7 |a slovenské poviedky  |2 SNKPH  |9 70226 
830 0 |a Pôvodná tvorba  |9 281914 
919 |a 973-9292-06-02 
954 |a beletria pôvodná (slovenská)  |2 lita 
958 |a ZS 
958 |a TL 
958 |a LX 
958 |a RO 
999 |c 721962  |d 723892 
952 |a SNK  |b SNK  |y PREZ  |7 0  |p 17A0569046  |o snkSD 70411 D1  |i snk2008/707  |8 1  |0 0  |1 0  |4 0  |d 2008-01-10  |f 1  |l 0  |r 2026-02-23 22:02:55  |w 2026-02-23 
952 |t P60, <03>, [BOOK], {603}  |a SNK  |b SNK  |y PREZ  |7 0  |p 17A0208422  |o snkSD 70411  |i snkV 1335/99  |0 0  |1 0  |4 0  |d 1999-10-07  |l 0  |r 2005-01-02 00:00:00  |w 2026-02-23